Estadísticas para Números del 1 al 100 en 15 segundos

Haz click aquí para intentar la prueba.

Estadísticas generales

  • Esta prueba ha sido intentada 6.151 veces
  • La puntuación promedio es 20 de 100

Estadísticas de respuestas

Number% Correcto
1
100%
2
99%
3
96%
4
95%
5
95%
6
93%
7
91%
8
90%
9
89%
10
80%
11
75%
12
69%
13
67%
14
66%
15
65%
16
63%
17
60%
18
58%
19
56%
20
50%
21
47%
22
43%
23
39%
24
37%
25
35%
26
33%
27
32%
28
31%
29
28%
30
22%
31
19%
32
17%
33
14%
34
11%
35
10%
36
9%
37
8%
38
6%
39
5%
40
4%
41
3%
42
3%
43
2%
44
2%
45
1%
46
1%
47
1%
48
1%
49
1%
50
1%
100
0%
51
0%
52
0%
53
0%
54
0%
55
0%
56
0%
57
0%
58
0%
59
0%
60
0%
61
0%
62
0%
63
0%
64
0%
65
0%
66
0%
67
0%
68
0%
69
0%
70
0%
71
0%
72
0%
73
0%
74
0%
75
0%
76
0%
77
0%
78
0%
79
0%
80
0%
81
0%
82
0%
83
0%
84
0%
85
0%
86
0%
87
0%
88
0%
89
0%
90
0%
91
0%
92
0%
93
0%
94
0%
95
0%
96
0%
97
0%
98
0%
99
0%

Distribución de puntuación

Porcentaje por número respondido

Porcentaje de gente con cada puntuación

Historial de tus puntuaciones

No has intentado esta prueba.